000 00580nam a22001815i 4500
001 175928
003 ES-MaACL
005 20230906215939.0
008 101201s1938 sp |||| | spa d
080 _a811.131.1'36
100 1 _aFantucci, A.
_9144094
245 1 0 _aGramática italiana con selección literaria /
_cA. Fantucci, M. Ballesteros.
260 _aSantander :
_bMediterráneo,
_c1938.
300 _a217, IV p. , [1] h. ;
_c18 cm.
650 0 4 _aLengua italiana-
_xGramática.
_914290
700 1 _aBallesteros Espinosa, Manuel.
_9144095
852 _aES-MaACL
_jE-13741
999 _c175928
_d175928